Electronics Devices and Circuits (Record no. 29441)

MARC details
000 -LEADER
fixed length control field 00401nam a2200169Ia 4500
020 ## - INTERNATIONAL STANDARD BOOK NUMBER
ISBN 978-0-07136270-2
100 ## - STATEMENT OF RESPONSIBILITY--MAIN AUTHOR NAME
Personal name Cathey Jimmie J
245 #0 - TITLE STATEMENT
Title Electronics Devices and Circuits
260 ## - PUBLICATION, DISTRIBUTION, ETC. (IMPRINT)
Place of publication New York
260 ## - PUBLICATION, DISTRIBUTION, ETC. (IMPRINT)
Name of publisher McGraw-Hill
260 ## - PUBLICATION, DISTRIBUTION, ETC. (IMPRINT)
Year of publication 2002
300 ## - PHYSICAL DESCRIPTION
Number of Pages 310 p
650 ## - SUBJECT ADDED ENTRY--TOPICAL TERM
Topical Term Electonics Devices
942 ## - ADDED ENTRY ELEMENTS (KOHA)
Koha item type Books
Holdings
Withdrawn status Lost status Source of classification or shelving scheme Damaged status Not for loan Permanent Location Current Location Date acquired Accession Number Price effective from Koha item type
    Library of Congress Classification     NILE UNIVERSITY OF NIGERIA - MAIN LIBRARY NILE UNIVERSITY OF NIGERIA - MAIN LIBRARY 04/23/2025 0001254 04/23/2025 Books